| 000 | 01686nam a2200361 a 4500 | ||
|---|---|---|---|
| 999 |
_c187928 _d187928 |
||
| 003 | BLK | ||
| 005 | 20241027004022.0 | ||
| 008 | 180411b bul|||||r ||||||| ||bul|| | ||
| 010 | _aKNG00196945000 | ||
| 040 | _aBLK | ||
| 041 |
_aBUL _cBUL |
||
| 080 |
_aБългарска литература _b821.163.2 _x-94 _z821.163.2-94 |
||
| 080 |
_aНационалнореволюционно движение през 70-те години _b94(497.2)"187..." _x(093) _z94(497.2)"187..."(093) |
||
| 100 |
_aСтоянов, Захарий _gСтоянов, Захари _d1850-1889 _qДжедев, Джендо Стоянов _eпърви автор _9364101 |
||
| 139 |
_aСтоянов, Захари _bС 83 |
||
| 245 | 1 | 0 |
_aИз "Записки по българските въстания" _cЗахари Стоянов; предг. от Веселин Андреев. |
| 250 | _a10. изд. | ||
| 257 | _aBGR | ||
| 260 |
_bБълг. писател _c1976 _aСофия |
||
| 300 |
_a480 с. _c20 см |
||
| 380 | _aX | ||
| 490 |
_aБиблиотека за ученика _9201322 |
||
| 500 | _a1. изд. 1966. - 60 100 тир. - Съдържа и откъси от лит.-крит. статии за "Записки по българските въстания". | ||
| 700 |
_aАндреев, Веселин _gАндреев, Георги Георгиев _9367274 |
||
| 852 |
_aЦб 78766 _bЦб |
||
| 856 | 4 |
_qpdf _i0.00 _ldisable |
|
| 856 | 4 |
_qpdf _i0.00 _ldisable |
|
| 942 |
_cKNG _n0 _s1 |
||
| 944 |
_aCR _c28.11.2016 _k _lCRON CRON |
||
| 944 |
_aED _c28.11.2016 _kНора_Радева |
||
| 944 |
_aED _c2022-11-07 _kМикаела Микова-Илиева |
||
| 999 | _d187928 | ||